Poorly Explained Video Games Franchises - Statistics

General Stats
  • This quiz has been taken 246 times
  • The average score is 5 of 20
Answer Stats
Hint Answer % Correct
Middle class full time worker gets constantly cheated on and has to talk to her to come back to him. Super Mario Bros
88%
American super soldier kills aliens on a giant ring in space Halo
56%
Christian pastor has given up on trying to convert Satanists, so instead he chops them in half with a chainsaw Doom
45%
It's just a game about war except half to time it's a American sitcom half the time which gets quoted everyday Call of Duty
43%
Underground dog fights except they are not dogs and it doesn't take place underground and everyone is 10 Pokemon
35%
It's just a game about hexahedrons except every 80's kid probably played this game on the go at one point Tetris
34%
The most fun game of tennis anyone can ever play. Pong
28%
It's just a game about war except people don't like this one for some reason. Battlefield
27%
It's just a game about hexahedrons except the undead is always trying to kill you Minecraft
22%
College kid has severe drug addiction, his friends try to take him to rehab but instead he turns into a cannibal and starts eating his friends Pac-Man
21%
Ecologist activist who used to be on the track team tries to destroy PETA Sonic The Hedgehog
21%
An immortal being who can kill anyone he chooses decides to make friends with everyone and eat food Kirby
20%
Killing aliens but this time they are slowly coming towards you're base in professional orderly fashion Space Invaders
20%
Mutant animal that's half naked and has to stop animal scientist from world domination Crash Bandicoot
19%
Robot commits mass genocide on his own kind until he kills his creator's rival Mega Man
19%
Middle class full time worker except he's not being cheated on this time, changed occupations and now has to fight his ancestors Donkey Kong
12%
Voodoo dolls you can make suffer in any way you choose The Sims
11%
Well this quiz was fun, but now that it's over I'll wonder who I'm gonna share my sea salt ice cream with Kingdom Hearts
9%
Two bros go on an adventure to kill an entire terrorist organization American style Contra
7%
Princess gets stolen but this time it's by a gang of high school drama class students Final Fantasy
6%
No matching quizzes found
Score Distribution
Percent of People with Each Score
Percentile by Number Answered
Your Score History
You have not taken this quiz